BTS Pied Piper - Lyrics - Statistics

General Stats
  • This quiz has been taken 8 times
  • The average score is 98 of 145
Answer Stats
Lyrics % Correct
(I'm
86%
oh,
86%
oh
86%
(Oh)
86%
ooh,
86%
ooh)
86%
over
86%
takin'
86%
(Woo),
86%
(Woo)
86%
(Woo,
86%
(Yeah,
86%
yeah)
86%
(You
86%
you)
86%
paradise
71%
(Paradise)
71%
SUGA)
71%
can't
57%
Can't
57%
(Can't
57%
close
57%
eyes
57%
eyes)
57%
pleasure,
57%
your
57%
guilty
43%
(Ayy),
29%
(Ayy)
29%
(Huh),
29%
(Huh)
29%
oh-oh,
29%
Ooh-ooh-ooh,
29%
stop)
29%
(Stop)
29%
V
29%
App,
14%
never
14%
Twitter
14%
No matching quizzes found
Score Distribution
Percent of People with Each Score
Percentile by Number Answered
Your Score History
You have not taken this quiz